| 000 | 00852nam a2200253 a 4500 | ||
|---|---|---|---|
| 001 | 30850 | ||
| 003 | BD-RjUL | ||
| 005 | 20211209051626.0 | ||
| 008 | 000526s1965 nyu b 001 0 eng d | ||
| 035 | _a(BD-RjUL)30937 | ||
| 040 |
_aBD-RjUL _beng _cBD-RjUL _dBD-RjUL |
||
| 041 | _aeng | ||
| 082 |
_223 _a320.51 _bALM 1965 |
||
| 100 | 1 |
_aAlexander, Edward, _d1936- _9222599 |
|
| 245 | 1 | 0 |
_aMatthew Arnold and John Stuart Mill / _cby Edward Alexander. |
| 260 |
_aNew York : _bColumbia University Press ; _aLondon : _bRoutledge & Kegan Paul, _c1965. |
||
| 300 |
_axi, 313 p. ; _c23 cm. |
||
| 504 | _aBibliography: p. 297-302; also includes index. | ||
| 600 | 1 | 0 |
_aArnold, Matthew, _d1822-1888. _9222604 |
| 600 | 1 | 0 |
_aMill, John Stuart, _d1806-1873. _9222605 |
| 650 | 0 |
_aLiberalism _zGreat Britain. _9222602 |
|
| 650 | 0 |
_aHumanism. _9222603 |
|
| 942 |
_2ddc _cRAR |
||
| 999 |
_c30850 _d30850 |
||